| 000 | 00457nam a22001937a 4500 | ||
|---|---|---|---|
| 003 | Ost | ||
| 005 | 20220829233342.0 | ||
| 008 | 220829b |||||||| |||| 00| 0 eng d | ||
| 020 | _aNA | ||
| 040 | _cBT-PhCST | ||
| 050 | _a4357 | ||
| 082 |
_222 _a658.421 |
||
| 100 | _aDollinger, Marc J. | ||
| 245 | _aEnterpreneurship strategies and resources / | ||
| 250 | _a3rd ed. | ||
| 260 |
_bPearson Education, _cc2003. |
||
| 300 |
_a0 _bill. ; |
||
| 942 |
_2ddc _cMAG |
||
| 999 |
_c2468 _d2468 |
||